| 000 | 00808nam a2200253 a 4500 | ||
|---|---|---|---|
| 001 | 2196 | ||
| 003 | CDMR | ||
| 005 | 20131126121426.0 | ||
| 008 | 130130s1981||||||||||||||||||||||||||||d | ||
| 020 | _a8429317056 | ||
| 040 |
_aCDMR _bcat _cCDMR |
||
| 100 | 1 |
_aCasasús, Josep Maria _9799 |
|
| 245 | 1 | 3 |
_aLa premsa actual _b: introducció als models de diari _cJosep M. Casasús, Xavier Roig ; pròleg de Josep Parnau |
| 260 |
_aBarcelona _c1981 _bEdicions 62 |
||
| 300 |
_a202 p. _c18 cm |
||
| 490 | 0 |
_aLlibres a l'abast _v163 |
|
| 586 | _aIV Premi Xarxa | ||
| 650 | 0 | 4 |
_94374 _aPeriodisme _xManuals, guies, etc |
| 650 | 0 | 4 |
_9311 _aEmpreses periodístiques |
| 650 | 0 | 4 |
_93098 _aDiaris _xCompaginació i composició |
| 700 | 1 |
_aRoig, Xavier _94388 _d1946- |
|
| 700 | 1 |
_aPernau, Josep _9544 _4pr. |
|
| 942 |
_cMON _2udc |
||
| 999 |
_c2196 _d2196 |
||